Guess the One Direction song with no hints #11 - Statistics

General Stats
  • This quiz has been taken 66 times
  • The average score is 204 of 302
Answer Stats
Answer % Correct
I,
100%
I
100%
a
98%
and
96%
You
96%
you
96%
you,
96%
We
92%
we
92%
me
89%
do
87%
it
85%
It
85%
on
85%
the
85%
to
85%
when
85%
go
83%
go,
83%
I'm
83%
is
83%
then
83%
Then
83%
Yeah,
79%
yeah,
79%
yeah
79%
(Yeah,
79%
yeah)
79%
it's
77%
of
77%
We're
77%
we're
77%
like,
75%
No,
75%
Oh,
75%
oh
75%
(Oh,
75%
so
75%
I'll
72%
can't
68%
that
68%
know
66%
up
66%
But
64%
make
64%
all
62%
one
62%
Na,
60%
na,
60%
na
60%
Na-na-na
60%
(Na-na-na)
60%
Na-na-na,
60%
na-na-na
60%
got
58%
with
55%
Always
53%
time
53%
girl,
51%
our
51%
(Our
51%
right
51%
(Right)
51%
take
51%
Cause
49%
say
49%
Some
49%
We've
49%
we've
49%
you'll
49%
day
47%
over
47%
get
45%
night
45%
stay
45%
back,
43%
break
43%
wrong
43%
same,
42%
minds
40%
minds)
40%
think
40%
wanna
40%
even
36%
fight,
36%
hit
36%
long
36%
mad,
36%
turn
36%
whole
36%
(Ayy)
34%
bit
34%
breakup
34%
edge,
34%
hate
34%
love-hate
34%
people
34%
song
34%
(Ah)
32%
begging
32%
drives
32%
woah
32%
woah)
32%
insane
30%
okay
30%
brakes
28%
complain
28%
party
28%
late
26%
request
26%
crawling
25%
till
17%
No matching quizzes found
Score Distribution
Percent of People with Each Score
Percentile by Number Answered
Your Score History
You have not taken this quiz